000 00303nam a22001457a 4500
008 230515b ||||| |||| 00| 0 eng d
020 _a2011920287
041 _aeng
080 _a51
082 _a51SIS
100 _a22
101 _aMATEM
245 _aCOLLEGE ALGEBRA
_cSISSON.P
942 _2udc
_cBK
999 _c59707
_d59707